Tilastot visalle Harry Potter-visa

Klikkaa tästä pelataksesi tätä visaa!

Yleistilastot

  • Tätä visaa on pelattu 2 979 kertaa
  • Keskiarvotulos 23 / 29

Vastaustilastot

HintVastaus% Oikein
VelhokouluTylypahka
97%
Harryn isän etunimiJames
95%
Harryn äidin etunimiLily
93%
Harryn sisarusten määrä0
92%
Ronin sisarusten määrä6
92%
Harry Potter-kirjojen määrä7
92%
Harryn tuvan nimiRohkelikko
92%
Dracon sukunimiMalfoy
91%
Velho urheilulajiHuispaus
90%
Ronin pikkusiskon nimiGinny
89%
Harry Potter-elokuvien määrä8
88%
Hermionen sukunimiGranger
88%
Dracon tuvan nimiLuihuinen
88%
Hermionen näyttelijäEmma Watson
85%
Weasleyn ensimmäisen kaksosen nimiFred
82%
Harry Potterin kummisetäSirius Musta
82%
Ensimmäisen elokuvan julkaisuvuosi2001
81%
Velhovankilan nimiAzkaban
81%
Ja Weasleyn toisen kaksosen nimiGeorge
81%
Albus Dumbledoren tappajaSeverus Kalkaros
81%
Harryn rooli kyseisessä urheilussaEtsijä
80%
Harryn koko nimiHarry James Potter
76%
Harryn näyttelijäDaniel Radcliffe
73%
Puoliverinen prinssi onSeverus Kalkaros
73%
Ronin näyttelijäRupert Grint
63%
Hermionen suojeliuseläinSaukko
57%
Albus Dumbedoren suojeliusFeeniks
53%
Albus Dumbledoren siskon nimiAriana Dumbledore
45%
Ginny Weasleyn suojeliusHevonen
40%

Tulosjakauma

Persentiili vastausten määrän mukaan

Jokaisen tuloksen saaneiden osuus

Tuloshistoriasi

Et ole pelannut tätä visaa